000 00540nam a22002057a 4500
003 OSt
005 20160413154939.0
008 160413b xxu||||| |||| 00| 0 eng d
020 _a0131803816
040 _c040a
082 _a337
_bSAL 1995
100 _aSalvatore, Dominick
_97686
245 _aInternational economics /
_cDominick Salvatore
250 _a5th.ed
260 _aNew Jersey
_bPrentice Hall
_c1995
300 _axxxvii, 778p;
_bCol.ill:
_c10 cm
504 _aIncludes index
650 _aEconomics
_9975
942 _2ddc
_cSLOAN
999 _c3506
_d3506